Landmarks of the World 1 - Statistics

General Stats
  • This quiz has been taken 23 times
  • The average score is 5 of 15
Answer Stats
Picture Answer % Correct
Angkor Wat
82%
Arc de Triomphe
68%
Auschwitz
64%
Angel of the North
55%
Ha Long Bay
41%
Spanish steps
41%
Eden Project
36%
Abu Simbel
23%
Marina Bay Sands
18%
Ephesus
14%
Newgrange
14%
Parc Guell
14%
Great Mosque of Djenne
9%
Torre de Belem
9%
Seattle Space Needle
5%
No matching quizzes found
Score Distribution
Percent of People with Each Score
Percentile by Number Answered
Your Score History
You have not taken this quiz